| 000 | 00384nam a22001457a 4500 | ||
|---|---|---|---|
| 005 | 20170822174836.0 | ||
| 008 | 130520b xxu||||| |||| 00| 0 eng d | ||
| 040 |
_cBSU _dBSU |
||
| 082 |
_222 _a633.174 ICR |
||
| 245 | _aProceedings of Internatinal Sorghum Entomology Workshop | ||
| 260 |
_aIndia _bICRISAT _c1985 |
||
| 300 |
_aix;423p _c23cm |
||
| 658 | _aAgriculture | ||
| 942 |
_2ddc _cBK |
||
| 999 |
_c4882 _d4882 |
||